[Event "GER-chT Betriebe 16th"]
[Site "Dresden"]
[Date "2016.11.05"]
[Round "5.4"]
[White "Hartmann, Uwe"]
[Black "Lunnebach, Oliver"]
[Result "0-1"]
[WhiteElo "1964"]
[BlackElo "2109"]
[PlyCount "66"]
[EventDate "2016.11.03"]
[EventType "team-swiss"]
[EventRounds "7"]
[EventCountry "GER"]
[SourceTitle "EXT 2020"]
[Source "ChessBase"]
[SourceDate "2019.10.17"]
[SourceVersion "1"]
[SourceVersionDate "2019.10.17"]
[SourceQuality "1"]
[WhiteTeam "Leipzig Publishing Services"]
[BlackTeam "Bonn Deutsche Post"]
[WhiteTeamCountry "GER"]
[BlackTeamCountry "GER"]

1. e4 c6 2. d4 d5 3. e5 c5 4. c3 Nc6 5. Nf3 Bg4 6. Be2 e6 7. b3 cxd4 8. Nxd4 Bxe2 9. Qxe2 Bc5 10. Nxc6 bxc6 11. Bb2 Ne7 12. 0-0 0-0 13. Nd2 a5 14. a4 Qc7 15. Ba3 Bxa3 16. Rxa3 f6 17. exf6 Rxf6 18. Nf3 Ng6 19. Ra2 Raf8 20. Ng5 Nf4 21. Qc2 Rg6 22. h4 h6 23. Qxg6 Nxg6 24. Nxe6 Qe5 25. Nxf8 Nxf8 26. Rc1 Qf4 27. Rac2 Qxh4 28. c4 d4 29. c5 Qd8 30. Rd1 Ne6 31. Rc4 Qd5 32. Kf1 d3 33. Rd2 Nxc5 0-1

[Event "GER-chT Betriebe 16th"]
[Site "Dresden"]
[Date "2016.11.04"]
[Round "3.4"]
[White "Hartmann, Uwe"]
[Black "Buescher, Henrik"]
[Result "1/2-1/2"]
[WhiteElo "1964"]
[BlackElo "2112"]
[PlyCount "40"]
[EventDate "2016.11.03"]
[EventType "team-swiss"]
[EventRounds "7"]
[EventCountry "GER"]
[SourceTitle "EXT 2020"]
[Source "ChessBase"]
[SourceDate "2019.10.17"]
[SourceVersion "1"]
[SourceVersionDate "2019.10.17"]
[SourceQuality "1"]
[WhiteTeam "Leipzig Publishing Services"]
[BlackTeam "Frankfurt AGI"]
[WhiteTeamCountry "GER"]
[BlackTeamCountry "GER"]

1. e4 c6 2. d4 d5 3. Nd2 dxe4 4. Nxe4 Nf6 5. Nxf6+ gxf6 6. Nf3 Bf5 7. Bd3 e6 8. Bxf5 Qa5+ 9. Bd2 Qxf5 10. a3 h5 11. Be3 Nd7 12. Qd2 Nb6 13. 0-0-0 0-0-0 14. Qd3 Qd5 15. Kb1 h4 16. h3 Nc4 17. Rhg1 Qb5 18. Qb3 Rd5 19. Nd2 Nxd2+ 20. Rxd2 Qxb3 1/2-1/2

[Event "GER-chT Betriebe 16th"]
[Site "Dresden"]
[Date "2016.11.03"]
[Round "1.4"]
[White "Hartmann, Uwe"]
[Black "Riess, Bernhard"]
[Result "1/2-1/2"]
[WhiteElo "1964"]
[BlackElo "1567"]
[PlyCount "36"]
[EventDate "2016.11.03"]
[EventType "team-swiss"]
[EventRounds "7"]
[EventCountry "GER"]
[SourceTitle "EXT 2020"]
[Source "ChessBase"]
[SourceDate "2019.10.17"]
[SourceVersion "1"]
[SourceVersionDate "2019.10.17"]
[SourceQuality "1"]
[WhiteTeam "Leipzig Publishing Services"]
[BlackTeam "Berlin Osram II"]
[WhiteTeamCountry "GER"]
[BlackTeamCountry "GER"]

1. e4 c6 2. d4 d5 3. e5 Bf5 4. Bd3 Bxd3 5. Qxd3 e6 6. Ne2 Nd7 7. 0-0 Rc8 8. f4 Ne7 9. Ng3 c5 10. c3 cxd4 11. cxd4 Qb6 12. Nd2 Nc6 13. Nf3 Be7 14. Bd2 0-0 15. Kh1 Nb4 16. Qb3 Nc2 17. Qxb6 Nxb6 18. Rac1 Nb4 1/2-1/2

[Event "GER-chT Betriebe 14th"]
[Site "Dresden"]
[Date "2014.11.21"]
[Round "3.4"]
[White "Lau, Peter"]
[Black "Hartmann, Uwe"]
[Result "1/2-1/2"]
[WhiteElo "1824"]
[BlackElo "1964"]
[PlyCount "159"]
[EventDate "2014.11.20"]
[EventType "team-swiss"]
[EventRounds "7"]
[EventCountry "GER"]
[SourceTitle "EXT 2020"]
[Source "ChessBase"]
[SourceDate "2019.10.17"]
[SourceVersion "1"]
[SourceVersionDate "2019.10.17"]
[SourceQuality "1"]
[WhiteTeam "Stuttgart Sparkassen-Vers"]
[BlackTeam "Leipzig Publishing Services"]
[WhiteTeamCountry "GER"]
[BlackTeamCountry "GER"]

1. e4 e5 2. Nf3 Nc6 3. Bb5 a6 4. Ba4 d6 5. 0-0 Nf6 6. Re1 Be7 7. h3 0-0 8. c3 b5 9. Bc2 Bb7 10. d3 Qd7 11. Nbd2 Na5 12. Nf1 c5 13. Ng3 g6 14. Bh6 Rfd8 15. Qd2 Qe8 16. Rad1 Bf8 17. Bxf8 Qxf8 18. b4 cxb4 19. cxb4 Nc6 20. Bb3 Rac8 21. a3 Rd7 22. d4 exd4 23. Nxd4 Ne5 24. Rc1 Rdc7 25. Rxc7 Rxc7 26. f3 Qc8 27. Ndf5 Ne8 28. Qg5 Qd7 29. Rd1 Nc4 30. Nh6+ Kf8 31. Ng4 Qe7 32. Qh6+ Kg8 33. Bxc4 Rxc4 34. Rc1 Qc7 35. Rxc4 Qxc4 36. Qf4 Qc3 37. Qe3 Qa1+ 38. Kh2 Bc8 39. Nf2 Be6 40. Ne2 Qb2 41. Nd4 Bc4 42. f4 Nf6 43. Ng4 Nxg4+ 44. hxg4 Bf1 45. Qg1 Bxg2 46. Qxg2 Qxd4 47. Qf3 Kg7 48. Kh3 Qd2 49. g5 h6 50. gxh6+ Kxh6 51. Qg3 Qe2 52. Qc3 Kh7 53. e5 d5 54. Kg3 Qe4 55. Kg4 d4 56. Qc7 Qf5+ 57. Kg3 d3 58. Qd8 Kg7 59. Qd6 g5 60. fxg5 Qxg5+ 61. Kf2 Qf4+ 62. Kg2 d2 63. a4 bxa4 64. b5 axb5 65. Qd3 b4 66. e6 fxe6 67. Qd7+ Kf6 68. Qd8+ Kf5 69. Qf8+ Ke5 70. Qb8+ Ke4 71. Qxb4+ Ke3 72. Qc5+ Ke2 73. Qh5+ Kd3 74. Qb5+ Qc4 75. Qd7+ Ke2 76. Qf7 Qg4+ 77. Kh2 d1Q 78. Qf2+ Kd3 79. Qe3+ Kc4 80. Qc5+ 1/2-1/2

[Event "Leipzig VfB op 21st"]
[Site "Leipzig"]
[Date "2014.03.04"]
[Round "1"]
[White "Eidam, Horst"]
[Black "Hartmann, Uwe"]
[Result "0-1"]
[WhiteElo "1932"]
[BlackElo "1800"]
[PlyCount "72"]
[EventDate "2014.03.04"]
[EventType "tourn"]
[EventRounds "9"]
[EventCountry "GER"]
[SourceTitle "CBM 159 Extra"]
[Source "ChessBase"]
[SourceDate "2014.04.24"]
[SourceVersion "1"]
[SourceVersionDate "2014.04.24"]
[SourceQuality "1"]

1. e4 e5 2. Nf3 Nc6 3. Bc4 Bc5 4. c3 Nf6 5. d4 exd4 6. cxd4 Bb4+ 7. Nc3 Nxe4 8. 0-0 Bxc3 9. d5 Bf6 10. dxc6 0-0 11. cxb7 Bxb7 12. Bd5 Nc5 13. Be3 Bxd5 14. Bxc5 Bxf3 15. Qxf3 d6 16. Ba3 Qd7 17. Rac1 Rab8 18. b3 Rfe8 19. Qc6 Qxc6 20. Rxc6 Bd8 21. Rfc1 Rb6 22. R6c2 Re6 23. Rd1 Kf8 24. Kf1 Ke8 25. Bb2 f6 26. Rc4 a5 27. Bc3 Ra6 28. f4 c5 29. Ra4 Bc7 30. a3 Re3 31. Re1 Rxe1+ 32. Kxe1 d5 33. g3 Kd7 34. b4 Re6+ 35. Kd2 Re4 36. Kc2 Kc6 0-1